El "excepcionalismo" costarricense y el "otro" nicaraguense en persperctiva histórica /
Uloženo v:
| Hlavní autor: | |
|---|---|
| Médium: | Text |
| Témata: | |
| Tagy: |
Přidat tag
Žádné tagy, Buďte první, kdo vytvoří štítek k tomuto záznamu!
|
MARC
| LEADER | 00000 a a2200000 04500 | ||
|---|---|---|---|
| 001 | 47907 | ||
| 003 | |||
| 040 | |||
| 100 | |a Sandoval García, Carlos | ||
| 245 | |a El "excepcionalismo" costarricense y el "otro" nicaraguense en persperctiva histórica / |c Carlos Sandoval García | ||
| 650 | |a MIGRANTES | ||
| 650 | |2 MACROTHESAURUS DE LA OCDE/ | ||
| 650 | |a NICARAGUENSES | ||
| 650 | |2 MACROTHESAURUS DE LA OCDE/ | ||
| 650 | |a MEDIOS DE COMUNICACION DE MASAS | ||
| 650 | |2 MACROTHESAURUS DE LA OCDE/ | ||
| 650 | |a NOTICIAS DE PRENSA | ||
| 650 | |2 MACROTHESAURUS DE LA OCDE/ | ||
| 650 | |a ANALISIS DE CONTENIDO | ||
| 650 | |2 MACROTHESAURUS DE LA OCDE/ | ||
| 650 | |a DELINCUENCIA | ||
| 650 | |2 MACROTHESAURUS DE LA OCDE/ | ||
| 650 | |a IDENTIDAD CULTURAL | ||
| 650 | |2 MACROTHESAURUS DE LA OCDE/ | ||
| 773 | |a Capítulo 3, páginas 107-179 | ||
| 999 | |c 21729 |d 21729 | ||
